| 000 | 01699nam a2200493 i 4500 | ||
|---|---|---|---|
| 001 | 25924 | ||
| 003 | KOSZ 005 | ||
| 005 | 20240904062937.0 | ||
| 008 | 200805s1973 pl a f 000 0 pol | ||
| 015 | _aUWD 1974/63 | ||
| 035 | _a991024656599705066 | ||
| 035 | _a(PL-WaBN)b16724446-48omnis_nlop | ||
| 035 | _ab16724446 | ||
| 035 | _a(OCoLC)831130187 | ||
| 035 | _a(PL)b0000001672444 | ||
| 035 | _a(EXLNZ-48OMNIS_NETWORK)9910523309505606 | ||
| 040 |
_aWA N _cWA N _dKOSZ 005/RW |
||
| 046 | _k1973 | ||
| 080 | _a004.432 | ||
| 080 | _a004.438FORTRAN | ||
| 100 | 1 |
_aBańkowski, Jacek _eAutor |
|
| 245 | 1 | 0 |
_aProgramowanie w języku FORTRAN / _cJacek Bańkowski, Konrad Fiałkowski. |
| 250 | _aWydanie 3. poprawione. | ||
| 260 |
_aWarszawa : _bPaństwowe Wydawnictwo Naukowe, _c1973. |
||
| 300 |
_a131, [1] stron : _bilustracje, tablice, errata ; _c21 cm. |
||
| 336 |
_aTekst _btxt _2rdacontent |
||
| 337 |
_aBez urządzenia pośredniczącego _bn _2rdamedia |
||
| 338 |
_aWolumin _bnc _2rdacarrier |
||
| 380 | _aKsiążki | ||
| 380 | _aPublikacje fachowe | ||
| 388 | 1 | _a1901-2000 | |
| 388 | 1 | _a1945-1989 | |
| 490 | 1 | _aBiblioteka Informatyki | |
| 504 | _aBibliografia na stronie [132]. | ||
| 650 | 7 |
_aFortran (język programowania) _2DBN |
|
| 655 | 7 |
_aOpracowanie _2DBN |
|
| 658 | _aInformatyka i technologie informacyjne | ||
| 700 | 1 |
_aFiałkowski, Konrad _d(1939-2020) _eAutor |
|
| 710 | 2 |
_aPaństwowe Wydawnictwo Naukowe _4pbl |
|
| 830 | 0 | _aBiblioteka Informatyki | |
| 856 |
_uhttp://koha.tu.koszalin.pl/cgi-bin/koha/opac-detail.pl?biblionumber=25924 _yKatalog online BPK |
||
| 942 |
_2UKD _cKS |
||
| 999 |
_c25924 _d25924 |
||